000 00672nam a2200265Ia 4500
008 171120s9999 xx 000 0 und d
020 _a9710867474
050 _a232
050 _bR992 2006
100 _aRyden, Vassula
245 _aTrue life in God /
245 _cby Vassula Ryden.
260 _aSwitzerland :
260 _bNational Book Store,
260 _c2006
300 _a528 pages :
300 _billustrations ;
300 _c22cm.
650 _aCatholic Church --
650 _aMissions --
650 _aRyden, Vassula. --
650 _x1942- -- Periodicals.
650 _xCustom and practices -- Periodicals.
650 _xPeriodicals.
999 _c345435
_d345435